[Event "Winnipeg February Sect-B"]
[Site "Winnipeg"]
[Date "2009.02.21"]
[Round "2"]
[White "Letain, Cory"]
[Black "Wood, Nathaniel"]
[Result "1-0"]
[WhiteElo "1519"]
[BlackElo "1620"]
[PlyCount "67"]
[EventDate "2009.02.22"]
[EventType "swiss"]
[EventRounds "5"]
[EventCountry "CAN"]
[SourceTitle "EXT 2019"]
[Source "ChessBase"]
[SourceDate "2018.10.10"]
[SourceVersion "1"]
[SourceVersionDate "2018.10.10"]
[SourceQuality "1"]

1. d4 Nf6 2. c4 e6 3. Nf3 d5 4. Qb3 Nbd7 5. Bf4 c6 6. e3 Be7 7. Be2 0-0 8. 0-0 Nh5 9. Bg3 f5 10. Be5 Qe8 11. Nbd2 g5 12. h3 g4 13. hxg4 fxg4 14. Nh2 Nxe5 15. dxe5 g3 16. Ng4 gxf2+ 17. Rxf2 Rxf2 18. Kxf2 Bh4+ 19. Kg1 Ng3 20. Qd3 Qf8 21. Nf6+ Bxf6 22. exf6 Qxf6 23. e4 Nxe2+ 24. Qxe2 e5 25. Rf1 Qg6 26. cxd5 Bg4 27. Qc4 Rd8 28. dxc6+ Be6 29. c7 Rxd2 30. c8Q+ Kg7 31. Q8c7+ Kh6 32. Rf2 Rxf2 33. Qc1+ Kh5 34. Qxe5+ 1-0

[Event "Winnipeg ThankGibbons op-B"]
[Site "Winnipeg"]
[Date "2008.10.24"]
[Round "1"]
[White "Wood, Nathaniel"]
[Black "Gibbons, Lorne"]
[Result "1-0"]
[WhiteElo "1574"]
[BlackElo "1202"]
[PlyCount "22"]
[EventDate "2008.10.24"]
[EventType "swiss"]
[EventRounds "5"]
[EventCountry "CAN"]
[SourceTitle "EXT 2011"]
[Source "ChessBase"]
[SourceDate "2010.11.26"]
[SourceVersion "1"]
[SourceVersionDate "2010.11.26"]
[SourceQuality "1"]

1. e4 d6 2. d4 e5 3. Nf3 exd4 4. Nxd4 Bd7 5. Nc3 Nc6 6. Be3 g6 7. Bc4 Bg7 8. 0-0 Ne5 9. Bb3 c6 10. f3 Qf6 11. Qd2 h5 1-0

[Event "Winnipeg TNT January op"]
[Site "Winnipeg"]
[Date "2008.01.15"]
[Round "2"]
[White "Letain, Cory"]
[Black "Wood, Nathaniel"]
[Result "0-1"]
[WhiteElo "1362"]
[BlackElo "1593"]
[PlyCount "49"]
[EventDate "2008.01.08"]
[EventType "swiss"]
[EventRounds "4"]
[EventCountry "CAN"]
[SourceTitle "EXT 2011"]
[Source "ChessBase"]
[SourceDate "2010.11.26"]
[SourceVersion "1"]
[SourceVersionDate "2010.11.26"]
[SourceQuality "1"]

1. d4 Nf6 2. c4 e6 3. Nf3 b6 4. g3 Bb7 5. Bg2 c5 6. 0-0 Qc7 7. Bf4 d6 8. b3 a6 9. Nc3 cxd4 10. Nxd4 e5 11. Bxb7 Qxb7 12. Bxe5 dxe5 13. Nf5 Qd7 14. Qc2 Nc6 15. a3 Nd4 16. Nxd4 exd4 17. Rfd1 Rd8 18. Ne4 Be7 19. Nxf6+ Bxf6 20. Qe4+ Qe6 21. Qb7 a5 22. e3 0-0 23. exd4 Bxd4 24. Re1 Qd7 25. Qf3 0-1

[Event "Yanofsky Memorial op"]
[Site "Winnipeg"]
[Date "2006.09.03"]
[Round "5"]
[White "Gibbons, Lorne"]
[Black "Wood, Nathaniel"]
[Result "0-1"]
[WhiteElo "1339"]
[BlackElo "1579"]
[PlyCount "99"]
[EventDate "2006.09.01"]
[EventType "swiss"]
[EventRounds "5"]
[EventCountry "CAN"]
[SourceTitle "EXT 2007"]
[Source "ChessBase"]
[SourceDate "2006.11.23"]
[SourceVersion "1"]
[SourceVersionDate "2006.11.23"]
[SourceQuality "1"]

1. d4 Nf6 2. c4 g6 3. Nc3 Bg7 4. Bf4 0-0 5. Nf3 c5 6. e4 cxd4 7. Nxd4 d6 8. e5 Nh5 9. Bg3 dxe5 10. Nf3 Qxd1+ 11. Nxd1 Nc6 12. Rc1 e4 13. Nd2 f5 14. f3 f4 15. Bh4 e3 16. Ne4 Nf6 17. Bd3 Nb4 18. Bc2 Nxc2+ 19. Rxc2 Nxe4 20. fxe4 Bg4 21. 0-0 Rf7 22. Nc3 h6 23. h3 Be6 24. b3 g5 25. Be1 Bd4 26. Ne2 Bc5 27. h4 Raf8 28. b4 Bd6 29. Nd4 Bg4 30. hxg5 hxg5 31. Nf3 Rg7 32. Bc3 Rg6 33. e5 Bc7 34. Bd4 Bxf3 35. Rxf3 Rf5 36. Bxe3 Rxe5 37. Bc1 g4 38. Rf1 Re4 39. a3 g3 40. Bb2 Rh6 41. c5 Re3 42. Rd2 e5 43. Rfd1 Rh7 44. Bc1 Rc3 45. Re1 e4 46. Bb2 Rc4 47. Red1 f3 48. Bd4 Bf4 49. gxf3 Bxd2 50. Rxd2 0-1

[Event "Winnipeg TNT May op"]
[Site "Winnipeg"]
[Date "2006.05.30"]
[Round "5"]
[White "Wood, Nathaniel"]
[Black "Khedkar, Jay S"]
[Result "0-1"]
[WhiteElo "1577"]
[BlackElo "1854"]
[PlyCount "51"]
[EventDate "2006.05.02"]
[EventType "swiss"]
[EventRounds "5"]
[EventCountry "CAN"]
[SourceTitle "EXT 2019"]
[Source "ChessBase"]
[SourceDate "2018.10.10"]
[SourceVersion "1"]
[SourceVersionDate "2018.10.10"]
[SourceQuality "1"]

1. Nf3 c5 2. g3 Nf6 3. Bg2 Nc6 4. 0-0 d5 5. d4 e6 6. Bg5 h6 7. Bf4 Bd6 8. e3 cxd4 9. Bxd6 Qxd6 10. Nxd4 0-0 11. c4 Ne5 12. cxd5 Nxd5 13. e4 Nb4 14. Nc3 Rd8 15. Ndb5 Qb6 16. Qh5 Nbd3 17. Kh1 a6 18. Na3 Qxb2 19. f4 Nf2+ 20. Kg1 Ned3 21. Qa5 b6 22. Nc4 Qxa1 23. Qxb6 Qxc3 24. Qxd8+ Kh7 25. Ne5 Qc5 26. Nxf7 0-1

[Event "Albert Boxer Classic op"]
[Site "Winnipeg"]
[Date "2006.05.28"]
[Round "4"]
[White "Green, Aaron"]
[Black "Wood, Nathaniel"]
[Result "0-1"]
[WhiteElo "1346"]
[BlackElo "1528"]
[PlyCount "65"]
[EventDate "2006.05.26"]
[EventType "swiss"]
[EventRounds "5"]
[EventCountry "CAN"]
[SourceTitle "EXT 2007"]
[Source "ChessBase"]
[SourceDate "2006.11.23"]
[SourceVersion "1"]
[SourceVersionDate "2006.11.23"]
[SourceQuality "1"]

1. e4 c5 2. Nf3 d6 3. d4 cxd4 4. Nxd4 Nf6 5. Nc3 a6 6. Be3 e5 7. Nf3 b5 8. Bg5 Be7 9. Bxf6 gxf6 10. Qd2 Bb7 11. Qh6 Bf8 12. Qh5 Nd7 13. b4 Qc7 14. Nd1 Qxc2 15. Nd2 Bxe4 16. f3 Bg6 17. Qh3 d5 18. Ne3 Qc6 19. Kd1 Bxb4 20. Rc1 Qd6 21. Nf5 Bxf5 22. Qxf5 Qe6 23. Qc2 Nb6 24. Be2 Rc8 25. Qb2 Rxc1+ 26. Kxc1 Bxd2+ 27. Kxd2 Rg8 28. g4 Nc4+ 29. Bxc4 dxc4 30. Rd1 f5 31. h3 fxg4 32. hxg4 Qh6+ 33. Kc3 0-1

[Event "Winnipeg February Sect-C"]
[Site "Winnipeg"]
[Date "2006.02.12"]
[Round "5"]
[White "Wood, Nathaniel"]
[Black "Einarsson, Ken"]
[Result "1-0"]
[WhiteElo "1595"]
[BlackElo "1578"]
[PlyCount "64"]
[EventDate "2006.02.10"]
[EventType "tourn"]
[EventRounds "5"]
[EventCountry "CAN"]
[SourceTitle "EXT 2007"]
[Source "ChessBase"]
[SourceDate "2006.11.23"]
[SourceVersion "1"]
[SourceVersionDate "2006.11.23"]
[SourceQuality "1"]

1. c4 e5 2. Nc3 Nc6 3. g3 Nf6 4. Nf3 Bc5 5. Bg2 0-0 6. 0-0 d5 7. cxd5 Nxd5 8. Nxe5 Nxc3 9. bxc3 Nxe5 10. d4 Ng6 11. dxc5 Qxd1 12. Rxd1 c6 13. f4 Bg4 14. Re1 Rfe8 15. e4 Rad8 16. Be3 f6 17. h3 Bc8 18. Rad1 Kf7 19. Rd4 Nf8 20. Red1 Ne6 21. Rd6 Ke7 22. e5 f5 23. g4 Nc7 24. c4 fxg4 25. f5 h6 26. hxg4 Na6 27. f6+ gxf6 28. exf6+ Kf7 29. Rxd8 Rxe3 30. Rxc8 Nxc5 31. Rf1 Rc3 32. Rc7+ Kf8 1-0

[Event "Winnipeg Thanksgiving op"]
[Site "Winnipeg"]
[Date "2004.10.17"]
[Round "5"]
[White "Zhou, Lu"]
[Black "Wood, Nathaniel"]
[Result "1-0"]
[WhiteElo "1807"]
[BlackElo "1294"]
[PlyCount "61"]
[EventDate "2004.10.??"]
[EventType "swiss"]
[EventRounds "5"]
[EventCountry "CAN"]
[SourceTitle "EXT 2006"]
[Source "ChessBase"]
[SourceDate "2005.11.24"]
[SourceVersion "1"]
[SourceVersionDate "2005.11.24"]
[SourceQuality "1"]

1. d4 Nf6 2. c4 g6 3. Nc3 d5 4. cxd5 Nxd5 5. e4 Nxc3 6. bxc3 Bg7 7. Be3 c5 8. Bb5+ Nc6 9. Ne2 Bd7 10. 0-0 0-0 11. Rb1 Qc7 12. Qd2 Rfd8 13. Rfc1 Ne5 14. Qb2 Ng4 15. Bf4 e5 16. Bg3 f5 17. h3 Nh6 18. Bc4+ Kh8 19. Qxb7 Qxb7 20. Rxb7 cxd4 21. cxd4 exd4 22. Bd5 d3 23. Nf4 fxe4 24. Rxd7 Rxd7 25. Bxa8 Rd8 26. Bxe4 d2 27. Rd1 Re8 28. f3 Nf5 29. Bxf5 gxf5 30. Rxd2 Be5 31. Rd5 1-0

[Event "Winnipeg TNT April op"]
[Site "Winnipeg"]
[Date "2004.04.13"]
[Round "2"]
[White "Degroot, Stephen"]
[Black "Wood, Nathaniel"]
[Result "1-0"]
[WhiteElo "1552"]
[BlackElo "1333"]
[PlyCount "59"]
[EventDate "2004.04.??"]
[EventType "swiss"]
[EventRounds "4"]
[EventCountry "CAN"]
[SourceTitle "EXT 2006"]
[Source "ChessBase"]
[SourceDate "2005.11.24"]
[SourceVersion "1"]
[SourceVersionDate "2005.11.24"]
[SourceQuality "1"]

1. d4 Nf6 2. c4 g6 3. Nc3 Bg7 4. e4 d6 5. f4 Bg4 6. Nf3 e6 7. Be2 Nc6 8. 0-0 0-0 9. e5 Nd7 10. Be3 Ne7 11. h3 Bxf3 12. Bxf3 Nf5 13. Bf2 Nb6 14. b3 Rb8 15. a4 a6 16. Qe2 Nd7 17. g4 Ne7 18. Ne4 dxe5 19. dxe5 f5 20. Ng5 fxg4 21. Bxg4 Rxf4 22. Nxe6 Qe8 23. Nxf4 Nxe5 24. Be6+ Kh8 25. Rae1 Qc6 26. Bh4 g5 27. Bxg5 Nf3+ 28. Rxf3 Qc5+ 29. Qe3 Bd4 30. Bf6+ 1-0